Medio Natural, Social y Cultural (3º).

Gespeichert in:
Bibliographische Detailangaben
1. Verfasser: De Val, Miguel Angel. Autor
Weitere Verfasser: Escolano Benito, Agustín. Autor García Carrasco, Joaquín. Autor Holgado, Mª Adoración. Autora Pineda, José Mª. Autor
Format: keine Angabe
Sprache:Spanisch
Erschienen: Barcelona Vicens Vives 1993
Ausgabe:
Katalog:MANES:  Suchergebnis im Bibliothekskatalog
Schulbuchspezifische Eigenschaften:
Tags: Tag hinzufügen
Keine Tags, Fügen Sie den ersten Tag hinzu!
Hinzugefügt zu:26.04.2016
Geändert in:07.05.2025

MARC

LEADER 000000000a22000000004500
001 06866
003 OSt
005 20250507133307.0
008 160427s sp ||||| |||| 00| 0 spa d
040 |c centro_manes 
041 1 |a spa 
561 |5 es-CICE  |a España. Centro Internacional de la Cultura Escolar  |k MANES 
691 0 |a PRI 
100 1 |a De Val, Miguel Angel. Autor  |9 2980 
690 0 |a HI  |a CN  |a GEO 
700 1 |a Escolano Benito, Agustín. Autor  |9 2981  |a García Carrasco, Joaquín. Autor  |9 2982  |a Holgado, Mª Adoración. Autora  |9 2983  |a Pineda, José Mª. Autor  |9 2984 
245 0 0 |a Medio Natural, Social y Cultural (3º). 
250 |a 1ª 
260 3 |a Barcelona  |b Vicens Vives  |c 1993 
300 |a 215 p.  |c 27 x 21,5 cm 
500 |a EDAD:89 
942 |2 ddc  |c BK 
546 |a España 
999 |c 12840  |d 12840 
999 |c manes:12840  |d 12840